Normal view
MARC view
- Macdonald, Stuart
Entry Personal Name
001 - CONTROL NUMBER
- control field: 60204
003 - CONTROL NUMBER IDENTIFIER
- control field: NUST
005 - DATE AND TIME OF LATEST TRANSACTION
- control field: 20210628202513.0
008 - FIXED-LENGTH DATA ELEMENTS
- fixed length control field: 210628|| aca||aabn | a|a d
040 ## - CATALOGING SOURCE
- Original cataloging agency: NUST
- Transcribing agency: NUST
100 ## - HEADING--PERSONAL NAME
- Personal name: Macdonald, Stuart
670 ## - SOURCE DATA FOUND
- Source citation: Work cat.: (NUST): Macdonald, Stuart, Information for innovation, managing change from an information perspective, 1998
